000 01083nam a22003737a 4500
001 0001729
003 KOHA_MİRAKIL
005 20260207001251.0
007 ta
008 090217b2007 tu |||gr||||#0|||0|tur |
020 _a9789756477571
_c21,69
040 _aTR-BiSEU
_btur
_cTR-BiSEU
_erda
041 0 _atur
044 _ctu
050 _aTK5105.8885
_b.S26 2007
100 1 _aŞamlı, Mehmet.
245 1 _aPHP 5 MySQL PHP ile Ajax/
_cMehmet Şamlı ; Mehmet Şamlı.
250 _a3. bs.
264 1 _aİstanbul :
_bPusula
_c2007
300 _a307 sayfa
336 _ametin
_btxt
_2rdacontent
337 _aaracısız
_bn
_2rdamedia
338 _acilt
_bnc
_2rdacarrier
490 0 _aPusula: 139.
650 0 _aWeb sites--Tasarım.
_91523
650 0 _aWeb sitesi geliştirme.
_91524
650 0 _aWeb siteleri--Yazılım programları.
_91525
650 0 _aWeb sites--Design.
_91526
650 0 _aWeb sites development.
_91527
650 0 _aWeb sites--Authoring programs.
_91528
830 0 _aPusula: 139.
_95263
907 _aBilgisayar
942 _2lcc
_cBK
999 _c1716
_d1716